000 00349nam a2200145Ia 4500
008 150201s2003 xx 000 0 und d
082 _a618
_bG03D
100 _aDAWN, C.S.
245 _aTB. OF GYNAECOLOGY CONTRACEPTION
250 _a14TH
260 _bD.BOOK
_aKOLKATA
_c2003
300 _a1-256
650 _aOBST & GYNAECOLOGY
942 _2ddc
_cBK
_04
999 _c238
_d238